Objective questions in library and information science : (Record no. 87898)

MARC details
000 -LEADER
fixed length control field 00815nam a22002417a 4500
005 - DATE AND TIME OF LATEST TRANSACTION
control field 20190715172520.0
010 ## - LCCN (DPL NO)
LC control number B-536754-764
020 ## - INTERNATIONAL STANDARD BOOK NUMBER
Terms of availability 450.00
International Standard Book Number 9788170007067
035 ## - SYSTEM CONTROL NUMBER
System control number 536754-764
035 ## - SYSTEM CONTROL NUMBER
System control number b-667711
037 ## - SOURCE OF ACQUISITION
Stock number DPL
Source of stock number/acquisition KKP/Ven
082 ## - DEWEY DECIMAL CLASSIFICATION NUMBER
Classification number 020
100 ## - MAIN ENTRY--PERSONAL NAME
Personal name Ghante, P.B.
245 ## - TITLE STATEMENT
Title Objective questions in library and information science :
Statement of responsibility, etc by P.B.Ghante
Remainder of title for Net / SLET/Set, paper-II & III other competitive examinations /
250 ## - EDITION STATEMENT
Edition statement 4th edn.
260 ## - PUBLICATION, DISTRIBUTION, ETC. (IMPRINT)
Place of publication, distribution, etc New Delhi
Name of publisher, distributor, etc Ess Ess Publications
Date of publication, distribution, etc 2013
270 ## - ADDRESS
Address 4831/24, Ansari Road, Darya Ganj
City New Delhi
Postal code 110002 India
300 ## - PHYSICAL DESCRIPTION
Extent 339p.
Dimensions 21cm(pbk)
700 ## - ADDED ENTRY--PERSONAL NAME
Personal name
9 (RLIN) 43373
942 ## - ADDED ENTRY ELEMENTS (KOHA)
Source of classification or shelving scheme Dewey Decimal Classification
Item type English Books
Classification part 020
Call number suffix GHA
Holdings
Withdrawn status Lost status Not for loan Collection code Home library Current library Date acquired Source of acquisition Cost, normal purchase price Full call number Barcode Copy number Cost, replacement price Koha item type
      Non-fiction Ashok Vihar Ashok Vihar 09/03/2018 KKP/278/24.2.2017/420/15.2.2017/17.3.2017 450.00 020 GHA B-667711 1 450.00 English Books
      Non-fiction Central Library Central Library 19/08/2014 KKP/BL3706/28.03.2014/146/25.03.2014/31.03.2014 450.00 020 GHA B-536754 1 450.00 English Books
  Written-off vide DLB M. No. 383 dt 16.05.19 Not For Loan Reference Central Library Central Library 19/08/2014 KKP/BL3706/28.03.2014/146/25.03.2014/31.03.2014 450.00 020 GHA B-536755 1 450.00 English Books
  Written-off vide DLB M. No. 383 dt 16.05.19   Non-fiction Janak Puri Janak Puri 19/08/2014 KKP/BL3706/28.03.2014/146/25.03.2014/31.03.2014 450.00 020 GHA B-536757 1 450.00 English Books
  Written-off vide DLB M. No. 383 dt 16.05.19   Non-fiction Karol Bagh Karol Bagh 19/08/2014 KKP/BL3706/28.03.2014/146/25.03.2014/31.03.2014 450.00 020 GHA B-536761 1 450.00 English Books
      Non-fiction Narela Narela 19/08/2014 KKP/BL3706/28.03.2014/146/25.03.2014/31.03.2014 450.00 020 GHA B-536763 1 450.00 English Books
      Non-fiction New Rohtak Road New Rohtak Road 19/08/2014 KKP/BL3706/28.03.2014/146/25.03.2014/31.03.2014 450.00 020 GHA B-536762 1 450.00 English Books
      Non-fiction Patel Nagar Patel Nagar 19/08/2014 KKP/BL3706/28.03.2014/146/25.03.2014/31.03.2014 450.00 020 GHA B-536756 1 450.00 English Books
      Non-fiction R.K.Puram-8 R.K.Puram-8 19/08/2014 KKP/BL3706/28.03.2014/146/25.03.2014/31.03.2014 450.00 020 GHA B-536759 1 450.00 English Books
  Written-off vide DLB M. No. 383 dt 16.05.19   Non-fiction Sarojini Nagar Sarojini Nagar 19/08/2014 KKP/BL3706/28.03.2014/146/25.03.2014/31.03.2014 450.00 020 GHA B-536758 1 450.00 English Books
      Non-fiction Shahdara Branch Shahdara Branch 19/08/2014 KKP/BL3706/28.03.2014/146/25.03.2014/31.03.2014 450.00 020 GHA B-536764 1 450.00 English Books
      Non-fiction Vinoba Puri Vinoba Puri 19/08/2014 KKP/BL3706/28.03.2014/146/25.03.2014/31.03.2014 450.00 020 GHA B-536760 1 450.00 English Books

© Delhi Public Library
Hit Counter
free hit counter